[Event "Reykjavik Open 2010"]
[Site "Reykjavik City Hall"]
[Date "2010.03.01"]
[Round "7.37"]
[White "Ocantos, Manuel"]
[Black "Brynjarsson, Helgi"]
[Result "1-0"]
[WhiteElo "2158"]
[BlackElo "1964"]
[PlyCount "81"]
[EventDate "2010.02.24"]

1. e4 e5 2. Nf3 Nc6 3. Bc4 Bc5 4. O-O Nf6 5. c3 Nxe4 6. d4 exd4 7. cxd4 Be7 8.
d5 Nb8 9. Qd4 Nf6 10. Re1 O-O 11. Bg5 d6 12. Nc3 Bf5 13. Nh4 Bg6 14. f4 h6 15.
Nxg6 fxg6 16. Bh4 Kh7 17. Bd3 Rf7 18. Bxg6+ Kxg6 19. Qd3+ Kh5 20. f5 Ng4 21.
Bxe7 Rxe7 22. Qh3+ Kg5 23. Ne4+ Kxf5 24. Qh5+ g5 25. Ng3+ Kf6 26. Rf1+ Ke5 27.
Rf5+ Kd4 28. Qxg4+ Kc5 29. Rc1+ Kb6 30. Qb4+ Ka6 31. Qa3+ Kb6 32. Qb4+ Ka6 33.
Qa4+ Kb6 34. Qb4+ Ka6 35. Qa4+ Kb6 36. Ne4 Qd7 37. Qd4+ Ka6 38. Rf6 b6 39. Rxh6
Re5 40. Qxe5 dxe5 41. Nc5+ 1-0

[Event "Reykjavik Open 2010"]
[Site "Reykjavik City Hall"]
[Date "2010.03.01"]
[Round "7.38"]
[White "Bjornsson, Tomas"]
[Black "Christensen, Esben"]
[Result "1/2-1/2"]
[WhiteElo "2155"]
[BlackElo "2008"]
[PlyCount "31"]
[EventDate "2010.02.24"]

1. e4 c5 2. Nf3 e6 3. d4 cxd4 4. Nxd4 Nf6 5. Nc3 d6 6. Be3 a6 7. a4 Qc7 8. Be2
Be7 9. O-O O-O 10. f4 Nc6 11. Nb3 b6 12. Bf3 Bb7 13. Kh1 Rac8 14. Qd2 Rfe8 15.
Rae1 Bf8 16. Qf2 1/2-1/2

[Event "Reykjavik Open 2010"]
[Site "Reykjavik City Hall"]
[Date "2010.03.01"]
[Round "7.39"]
[White "Yurenok, Maria S"]
[Black "Halldorsson, Jon Arni"]
[Result "1/2-1/2"]
[WhiteElo "1974"]
[BlackElo "2189"]
[PlyCount "67"]
[EventDate "2010.02.24"]

1. d4 d5 2. c4 e6 3. Nc3 Be7 4. cxd5 exd5 5. Bf4 c6 6. e3 Bf5 7. h3 Nf6 8. Nge2
Bg6 9. Bh2 Qb6 10. Qd2 Ne4 11. Nxe4 Bxe4 12. Nc3 Bg6 13. Be2 Nd7 14. O-O Nf6
15. a3 Ne4 16. Nxe4 Bxe4 17. Bd3 Bxd3 18. Qxd3 O-O 19. Rab1 a5 20. a4 g6 21.
Be5 f6 22. Bf4 Kg7 23. b3 Rfe8 24. h4 Rac8 25. h5 Qd8 26. hxg6 hxg6 27. f3 Bd6
28. Bxd6 Qxd6 29. Kf2 Rh8 30. Rh1 Rh2 31. Rxh2 Qxh2 32. Qf1 Qd6 33. Qe1 Ra8 34.
Qc3 1/2-1/2

[Event "Reykjavik Open 2010"]
[Site "Reykjavik City Hall"]
[Date "2010.03.01"]
[Round "7.41"]
[White "Botheim, Tor"]
[Black "Hjartarson, Bjarni"]
[Result "0-1"]
[WhiteElo "1944"]
[BlackElo "2162"]
[PlyCount "84"]
[EventDate "2010.02.24"]

1. e4 c5 2. Nf3 d6 3. d4 cxd4 4. Nxd4 Nf6 5. Nc3 g6 6. Be3 Bg7 7. f3 Nc6 8. Qd2
O-O 9. Bc4 Bd7 10. O-O-O Qb8 11. Bb3 Rc8 12. h4 a5 13. Nxc6 Bxc6 14. Nd5 Nxd5
15. Bxd5 Ba4 16. b3 Bb5 17. Bd4 Bxd4 18. Qxd4 Qc7 19. c4 Bxc4 20. bxc4 e6 21.
h5 exd5 22. hxg6 Qxc4+ 23. Qxc4 Rxc4+ 24. Kb1 hxg6 25. Rxd5 Rb4+ 26. Kc2 Rc8+
27. Kd3 Ra4 28. Ra1 Rc6 29. Rb5 Ra3+ 30. Rb3 Rxb3+ 31. axb3 Rc5 32. f4 f6 33.
g4 Kf7 34. f5 b6 35. Rh1 Kg7 36. Rb1 d5 37. fxg6 dxe4+ 38. Kxe4 Rb5 39. Kd4
Kxg6 40. Kc3 Rb4 41. Rg1 Kg5 42. Rf1 Rxg4 0-1

[Event "Reykjavik Open 2010"]
[Site "Reykjavik City Hall"]
[Date "2010.03.01"]
[Round "7.42"]
[White "Gardarsson, Hordur"]
[Black "De Andres Gonalons, Fernando"]
[Result "0-1"]
[WhiteElo "1888"]
[BlackElo "2124"]
[PlyCount "92"]
[EventDate "2010.02.24"]

1. d4 d5 2. Nf3 e6 3. c4 c5 4. cxd5 exd5 5. Nc3 Nc6 6. e3 Nf6 7. Be2 Bd6 8.
dxc5 Bxc5 9. O-O O-O 10. Nd4 Bxd4 11. exd4 h6 12. Be3 Be6 13. Bf3 Qd7 14. h3
Rfe8 15. Ne2 Bf5 16. a3 Na5 17. g4 Be4 18. Ng3 Nc4 19. Kh2 Qd6 20. Rg1 Nxb2 21.
Qe2 Nc4 22. Kh1 Qe6 23. Rae1 Nxg4 24. Bxe4 Ngxe3 25. fxe3 Qxh3+ 26. Qh2 Qxh2+
27. Kxh2 dxe4 28. Nf5 g6 29. Nxh6+ Kg7 30. Ng4 f5 31. Nf2 Nd2 32. Nh3 Nf3+ 33.
Kg3 Rac8 34. Rb1 Nxg1 35. Rxb7+ Kf6 36. Nxg1 Re7 37. Rb3 Rc2 38. Nh3 g5 39. Rb8
Rc3 40. Rf8+ Kg6 41. Kf2 Rg7 42. a4 Kh5 43. Rxf5 Kg4 44. Re5 Kxh3 45. Rxe4 Rc2+
46. Kf3 Rf7+ 0-1

[Event "Reykjavik Open 2010"]
[Site "Reykjavik City Hall"]
[Date "2010.03.01"]
[Round "7.43"]
[White "Thorsteinsson, Erlingur"]
[Black "Thorsteinsdottir, Hallgerdur"]
[Result "1-0"]
[WhiteElo "2123"]
[BlackElo "1946"]
[PlyCount "99"]
[EventDate "2010.02.24"]

1. e4 c6 2. d4 d5 3. Nd2 dxe4 4. Nxe4 Bf5 5. Ng3 Bg6 6. Nf3 Nd7 7. Bc4 e6 8.
Qe2 Ngf6 9. O-O Be7 10. Re1 Nd5 11. c3 O-O 12. Bb3 Re8 13. Ne5 N7f6 14. Nxg6
hxg6 15. Ne4 Nxe4 16. Qxe4 Bg5 17. f4 Be7 18. Kh1 Qc7 19. Bd2 Rad8 20. Rad1 Bd6
21. Rf1 Nf6 22. Qf3 c5 23. Be3 c4 24. Bc2 Nd5 25. Bc1 b5 26. a3 a5 27. h4 Qe7
28. g3 b4 29. axb4 axb4 30. Kg2 bxc3 31. bxc3 Ba3 32. Bd2 Rb8 33. h5 gxh5 34.
f5 Rb2 35. fxe6 fxe6 36. Bg6 Rf8 37. Qxh5 Nf6 38. Qh3 Qb7+ 39. Kg1 Qd7 40. Rf4
Rfb8 41. Rh4 Kf8 42. Bg5 Qd5 43. Bxf6 gxf6 44. Be4 Qg5 45. Rf1 e5 46. Rh8+ Ke7
47. Rh7+ Kf8 48. Bd5 Qg6 49. Rh6 Qb1 50. Rhxf6+ 1-0

[Event "Reykjavik Open 2010"]
[Site "Reykjavik City Hall"]
[Date "2010.03.01"]
[Round "7.44"]
[White "Palsson, Svanberg Mar"]
[Black "Flaata, Alexander R"]
[Result "0-1"]
[WhiteElo "1769"]
[BlackElo "2069"]
[PlyCount "72"]
[EventDate "2010.02.24"]

1. d4 Nf6 2. c4 c5 3. d5 b5 4. cxb5 a6 5. b6 Qxb6 6. Nc3 d6 7. e4 g6 8. a4 Bd7
9. Bc4 Bg7 10. Nf3 O-O 11. O-O Bg4 12. h3 Bxf3 13. Qxf3 Nbd7 14. Qe2 Rfb8 15.
a5 Qa7 16. f4 Rb4 17. g4 h6 18. Kh1 Kh7 19. Ra2 Qb7 20. Na4 e6 21. Bd2 exd5 22.
Bxb4 dxc4 23. Bc3 Nxe4 24. Kh2 Nxc3 25. Nxc3 Nf6 26. Qxc4 Re8 27. g5 d5 28.
Qxc5 hxg5 29. Qb6 Qe7 30. Raa1 gxf4 31. Rae1 Ng4+ 32. Kg1 Ne3 33. Rxf4 Qg5+ 34.
Rg4 Nxg4 35. Rxe8 Nf6+ 36. Kf1 Nxe8 0-1

[Event "Reykjavik Open 2010"]
[Site "Reykjavik City Hall"]
[Date "2010.03.01"]
[Round "7.45"]
[White "Karlsson, Mikael Johann"]
[Black "Sigurdsson, Sverrir"]
[Result "1/2-1/2"]
[WhiteElo "1714"]
[BlackElo "2016"]
[PlyCount "30"]
[EventDate "2010.02.24"]

1. c4 e5 2. g3 Nf6 3. Bg2 c6 4. Nf3 e4 5. Nd4 d5 6. cxd5 cxd5 7. O-O Be7 8. Nc3
O-O 9. d3 exd3 10. Qxd3 Nc6 11. Nxc6 bxc6 12. Rd1 Bg4 13. Be3 Qd7 14. Rac1 a5
15. Na4 Qe6 1/2-1/2

[Event "Reykjavik Open 2010"]
[Site "Reykjavik City Hall"]
[Date "2010.03.01"]
[Round "7.47"]
[White "Leifsson, Thorsteinn"]
[Black "Bick, John D"]
[Result "0-1"]
[WhiteElo "1821"]
[BlackElo "2248"]
[PlyCount "56"]
[EventDate "2010.02.24"]

1. d4 e6 2. c4 f5 3. Nc3 Nf6 4. Nf3 d5 5. Bg5 c6 6. e3 Be7 7. Bd3 O-O 8. Qc2 h6
9. Bh4 g5 10. Bg3 Ne4 11. Bxb8 Rxb8 12. Ne5 Bd6 13. Nf3 Qa5 14. a3 Nxc3 15.
Qxc3 Qxc3+ 16. bxc3 b5 17. cxb5 cxb5 18. Kd2 Bd7 19. h3 Rfc8 20. Rhc1 Kg7 21.
Kc2 Kf6 22. Kd2 Rb6 23. Ng1 Ra6 24. a4 Rxa4 25. Rxa4 bxa4 26. c4 dxc4 27. Bxc4
a3 28. Ne2 Rb8 0-1

[Event "Reykjavik Open 2010"]
[Site "Reykjavik City Hall"]
[Date "2010.03.01"]
[Round "7.48"]
[White "Kjartansson, Dagur"]
[Black "Brynjarsson, Eirikur Orn"]
[Result "1/2-1/2"]
[WhiteElo "1485"]
[BlackElo "1653"]
[PlyCount "97"]
[EventDate "2010.02.24"]

1. c4 c5 2. Nc3 Nc6 3. g3 Nf6 4. Nf3 e5 5. Bg2 d6 6. d3 Be6 7. Bg5 Be7 8. O-O
Qd7 9. e3 Bg4 10. Qd2 h5 11. a3 Bxf3 12. Bxf3 Qf5 13. Bxc6+ bxc6 14. e4 Qg6 15.
Kh1 h4 16. gxh4 Ng4 17. Bxe7 Kxe7 18. f3 Nxh2 19. Qxh2 Qf6 20. Kg2 Rxh4 21. Qg3
Rh5 22. Kf2 Qh6 23. Ke2 Rh8 24. Rg1 Qf6 25. Rg2 R8h6 26. Rag1 Rg6 27. Qf2 Rxg2
28. Qxg2 Qh6 29. Qf2 Rh2 30. Rg2 Rxg2 31. Qxg2 Qc1 32. Kf2 g6 33. Ne2 Qxb2 34.
Qg5+ Ke6 35. Qg4+ Ke7 36. Qg5+ Ke6 37. Qd8 Qxa3 38. Qc8+ Kf6 39. Qxc6 Qxd3 40.
Qa6 Ke6 41. Qxa7 Qxc4 42. Qc7 Qa4 43. Qc8+ Qd7 44. Qa8 Ke7 45. Nc3 Qd8 46. Nd5+
Kd7 47. Qb7+ Ke6 48. Qc6 f5 49. Nc7+ 1/2-1/2

[Event "Reykjavik Open 2010"]
[Site "Reykjavik City Hall"]
[Date "2010.03.01"]
[Round "7.50"]
[White "Antonsson, Atli"]
[Black "Finnbogadottir, Tinna Kristin"]
[Result "1-0"]
[WhiteElo "1716"]
[BlackElo "1750"]
[PlyCount "63"]
[EventDate "2010.02.24"]

1. d4 d5 2. c4 c6 3. Nf3 Nf6 4. e3 e6 5. b3 Bd6 6. Bb2 O-O 7. Bd3 Nbd7 8. O-O
Re8 9. Ne5 Qc7 10. f4 c5 11. Nd2 b6 12. g4 dxc4 13. Ndxc4 Bb7 14. Nd2 Bxe5 15.
fxe5 Qc6 16. e4 Red8 17. exf6 cxd4 18. fxg7 Nc5 19. Rc1 Qd7 20. Qf3 e5 21. Bc4
Ne6 22. a4 Ng5 23. Qg2 a6 24. Rf5 Qe7 25. Rcf1 Rd7 26. Ba3 Qxa3 27. Rxg5 Rc8
28. Qf2 Rxc4 29. Nxc4 Qxb3 30. Nxe5 Re7 31. Nxf7 Qe3 32. Nh6# 1-0

[Event "Reykjavik Open 2010"]
[Site "Reykjavik City Hall"]
[Date "2010.03.01"]
[Round "7.51"]
[White "Helgadottir, Sigridur Bjorg"]
[Black "Andrason, Pall"]
[Result "0-1"]
[WhiteElo "1725"]
[BlackElo "1587"]
[PlyCount "70"]
[EventDate "2010.02.24"]

1. c4 Nf6 2. Nc3 e6 3. d4 d5 4. e3 g6 5. Nf3 Bg7 6. Bd3 O-O 7. O-O Nbd7 8. Bd2
c6 9. Rc1 Re8 10. Qc2 e5 11. dxe5 Nxe5 12. Nxe5 Rxe5 13. cxd5 Nxd5 14. Rfd1 Nb4
15. Qb1 Qxd3 16. Qa1 Nd5 17. e4 Bg4 18. exd5 Bxd1 19. Rxd1 Qa6 20. dxc6 bxc6
21. Be3 Rae8 22. Qc1 R5e6 23. a3 Qb7 24. h3 a6 25. Na4 Qb5 26. Qc2 h5 27. b4
Rxe3 28. fxe3 Rxe3 29. Nc5 Rxa3 30. Rd8+ Kh7 31. Qd2 Ra1+ 32. Kh2 Be5+ 33. g3
Qf1 34. Qg2 Bxg3+ 35. Kxg3 h4+ 0-1

[Event "Reykjavik Open 2010"]
[Site "Reykjavik City Hall"]
[Date "2010.03.02"]
[Round "8.2"]
[White "Nataf, Igor-Alexandre"]
[Black "Stefansson, Hannes"]
[Result "0-1"]
[WhiteElo "2534"]
[BlackElo "2574"]
[PlyCount "144"]
[EventDate "2010.02.24"]

1. e4 e5 2. Nf3 Nc6 3. Bb5 a6 4. Bxc6 dxc6 5. O-O f6 6. d4 Bg4 7. dxe5 Qxd1 8.
Rxd1 fxe5 9. Rd3 Bd6 10. Nbd2 b5 11. b3 Ne7 12. Bb2 Ng6 13. g3 O-O 14. Kg2 Rf6
15. Ng1 Raf8 16. f4 exf4 17. Bxf6 gxf6 18. Ngf3 Kh8 19. a4 Rg8 20. Rxd6 cxd6
21. axb5 axb5 22. Ra6 Bd7 23. c4 fxg3 24. hxg3 bxc4 25. Nxc4 Nf4+ 26. Kh2 Ne2
27. Nxd6 Rxg3 28. Ra8+ Kg7 29. Ra7 Rxf3 30. Rxd7+ Kg6 31. Nf5 Kg5 32. Rxh7 Rf2+
33. Kh1 Kf4 34. Rh4+ Kf3 35. Rh6 Kxe4 36. Nd6+ Kd4 37. Rh4+ Rf4 38. Rh2 Rf1+
39. Kg2 Rb1 40. Rh4+ Kd5 41. Ne8 f5 42. Kf2 Nc3 43. Rh5 Ne4+ 44. Kg2 Rb2+ 45.
Kg1 Ng3 46. Rg5 Ne2+ 47. Kf1 Nd4 48. Nf6+ Ke5 49. Nd7+ Kf4 50. Rh5 Nxb3 51.
Rh4+ Kg3 52. Ra4 f4 53. Ne5 Nd2+ 54. Ke1 Nf3+ 55. Nxf3 Kxf3 56. Rc4 Re2+ 57.
Kf1 Re6 58. Rc3+ Ke4 59. Kf2 Kd4 60. Rc1 c5 61. Kf3 c4 62. Rd1+ Kc3 63. Kxf4
Kb2 64. Rd8 c3 65. Rb8+ Kc1 66. Kf3 c2 67. Kf2 Re5 68. Rb7 Kd2 69. Rd7+ Kc3 70.
Rc7+ Kd3 71. Rd7+ Kc4 72. Rc7+ Rc5 0-1

[Event "Reykjavik Open 2010"]
[Site "Reykjavik City Hall"]
[Date "2010.03.02"]
[Round "8.4"]
[White "Miezis, Normunds"]
[Black "Baklan, Vladimir"]
[Result "1/2-1/2"]
[WhiteElo "2533"]
[BlackElo "2654"]
[PlyCount "125"]
[EventDate "2010.02.24"]

1. c4 e6 2. e4 c5 3. Nc3 Nc6 4. Nf3 Nf6 5. Be2 Qb6 6. O-O Be7 7. d3 O-O 8. h3
Rd8 9. Bf4 d6 10. Rb1 Rd7 11. Bh2 Qd8 12. d4 cxd4 13. Nxd4 Nxd4 14. Qxd4 b6 15.
Rbd1 Bb7 16. Kh1 Bc6 17. f4 Rc8 18. Bf3 Bf8 19. Qd3 a6 20. Rfe1 b5 21. cxb5
axb5 22. Nxb5 d5 23. e5 Ne4 24. Rf1 Qh4 25. Qe2 Bxb5 26. Qxb5 Rdc7 27. Bxe4
dxe4 28. Qe2 Rc2 29. Rd2 Rxd2 30. Qxd2 Qe7 31. Bg1 Qb7 32. Rc1 Ra8 33. a3 g6
34. Rc4 Rb8 35. b4 Ra8 36. Qe3 Be7 37. Kh2 h5 38. Bf2 Qd5 39. Rc7 Bd8 40. Rc2
Be7 41. Rd2 Qc6 42. Rb2 Qd5 43. h4 Kg7 44. g3 Qc4 45. Kg2 Rd8 46. Re2 Qa6 47.
Qxe4 Qxa3 48. b5 Bc5 49. Qf3 Qb4 50. f5 exf5 51. Qc6 Be7 52. b6 Rd3 53. e6 f4
54. gxf4 Qxf4 55. Qe4 Qxe4+ 56. Rxe4 Rb3 57. exf7 Kxf7 58. Rc4 Bd8 59. Rc8 Bxb6
60. Rb8 Bxf2 61. Rxb3 Bxh4 62. Kf3 Kf6 63. Ke4 1/2-1/2

[Event "Reykjavik Open 2010"]
[Site "Reykjavik City Hall"]
[Date "2010.03.02"]
[Round "8.6"]
[White "Danielsen, Henrik"]
[Black "Kuzubov, Yuriy"]
[Result "0-1"]
[WhiteElo "2495"]
[BlackElo "2634"]
[PlyCount "112"]
[EventDate "2010.02.24"]

1. g3 e5 2. c4 f5 3. d4 exd4 4. Qxd4 Nc6 5. Qd1 Nf6 6. Bg2 Bb4+ 7. Bd2 Qe7 8.
Nf3 Bxd2+ 9. Nfxd2 O-O 10. Nc3 d6 11. O-O Ne5 12. e3 Kh8 13. b3 c6 14. Nf3 Bd7
15. Qc2 Rae8 16. Rad1 Bc8 17. Nd4 g6 18. Nf3 Nfg4 19. Qd2 Qg7 20. h3 Nxf3+ 21.
Bxf3 Ne5 22. Bg2 g5 23. f4 Nd7 24. fxg5 Qxg5 25. Qd4+ Re5 26. Qf4 Qe7 27. Rf3
Rf6 28. Qd4 a5 29. Rdf1 Kg8 30. Rf4 Nc5 31. R4f3 Ne6 32. Qh4 Qg7 33. c5 d5 34.
Qa4 Ng5 35. Qxa5 Qe7 36. Rf4 Rxe3 37. Kh2 Kg7 38. h4 Nf7 39. Bxd5 Ne5 40. Bc4
Ng6 41. Nd1 Re5 42. Qa8 Rf8 43. Qb8 Nxf4 44. Rxf4 Re4 45. Nf2 Re1 46. Qa7 Be6
47. Qa5 Bxc4 48. Qc3+ Qe5 49. Qxc4 Rd8 50. Qb4 Rd7 51. Qc4 Re3 52. b4 Rc3 53.
Qf1 Rd2 54. a4 Rcc2 55. Kg2 Qe3 56. Rf3 Qe4 0-1

[Event "Reykjavik Open 2010"]
[Site "Reykjavik City Hall"]
[Date "2010.03.02"]
[Round "8.8"]
[White "Lenderman, Alex"]
[Black "Ivanov, Mikhail M"]
[Result "1-0"]
[WhiteElo "2560"]
[BlackElo "2465"]
[PlyCount "35"]
[EventDate "2010.02.24"]

1. c4 e6 2. g3 d5 3. Bg2 Nf6 4. Nf3 dxc4 5. Qa4+ Nbd7 6. Qxc4 a6 7. Qc2 c5 8.
Nc3 Qc7 9. d4 b5 10. d5 exd5 11. Bf4 Qa5 12. O-O Bb7 13. Ne5 Nb6 14. a3 b4 15.
axb4 Qxb4 16. Nd3 Qd4 17. e3 Qc4 18. b3 1-0

[Event "Reykjavik Open 2010"]
[Site "Reykjavik City Hall"]
[Date "2010.03.02"]
[Round "8.11"]
[White "Grandelius, Nils"]
[Black "Boskovic, Drasko"]
[Result "1-0"]
[WhiteElo "2515"]
[BlackElo "2454"]
[PlyCount "73"]
[EventDate "2010.02.24"]

1. e4 c5 2. Nf3 Nc6 3. d4 cxd4 4. Nxd4 Qc7 5. Nc3 e6 6. Be3 a6 7. Qd2 Nf6 8.
O-O-O Be7 9. f3 h5 10. Kb1 b5 11. Nxc6 dxc6 12. e5 Qxe5 13. Bd4 Qc7 14. Qg5 Rg8
15. Be5 Qa7 16. Be2 c5 17. Qg3 Bb7 18. Rhe1 Bc6 19. f4 Nd7 20. Bxh5 g6 21. Bf3
Nxe5 22. fxe5 Qb7 23. Ne4 Kf8 24. Qf2 Rc8 25. Nxc5 Bxc5 26. Qxc5+ Kg7 27. Bxc6
Qxc6 28. Qf2 Rh8 29. Rd2 Rxh2 30. Qf6+ Kg8 31. Red1 Rf8 32. Rd8 Qc5 33. a3 Kh7
34. Rxf8 Qxf8 35. Rd7 Rh1+ 36. Ka2 Kh6 37. Rxf7 1-0

[Event "Reykjavik Open 2010"]
[Site "Reykjavik City Hall"]
[Date "2010.03.02"]
[Round "8.12"]
[White "Thorfinnsson, Bragi"]
[Black "Romanishin, Oleg M"]
[Result "1/2-1/2"]
[WhiteElo "2398"]
[BlackElo "2512"]
[PlyCount "89"]
[EventDate "2010.02.24"]

1. d4 Nf6 2. c4 e6 3. g3 c5 4. d5 exd5 5. cxd5 d6 6. Nc3 g6 7. Bg2 Bg7 8. Nf3
O-O 9. O-O Re8 10. Bf4 Na6 11. Re1 Bg4 12. h3 Bxf3 13. Bxf3 Qd7 14. Kg2 c4 15.
Qa4 Qxa4 16. Nxa4 Rad8 17. Red1 Ne4 18. Bxe4 Rxe4 19. Kf3 Ree8 20. Rac1 b5 21.
Nc3 Bxc3 22. Rxc3 Nc5 23. Be3 Rc8 24. Ra3 Re7 25. Ra5 Rb7 26. Bd4 f6 27. g4 Kf7
28. Rc1 Rcc7 29. Bxc5 Rxc5 30. e4 f5 31. gxf5 gxf5 32. Ra6 Re7 33. Rxd6 Rxe4
34. Rd1 c3 35. bxc3 Rxc3+ 36. Kg2 Rc2 37. Ra6 Ree2 38. Rxa7+ Kf6 39. Rf1 Rxa2
40. Rxh7 Red2 41. d6 Rxd6 42. Rh6+ Ke7 43. Rh7+ Kf6 44. Rh6+ Ke7 45. Rh7+
1/2-1/2

[Event "Reykjavik Open 2010"]
[Site "Reykjavik City Hall"]
[Date "2010.03.02"]
[Round "8.13"]
[White "Galego, Luis"]
[Black "Karavade, Eesha"]
[Result "1/2-1/2"]
[WhiteElo "2487"]
[BlackElo "2405"]
[PlyCount "63"]
[EventDate "2010.02.24"]

1. Nf3 Nf6 2. g3 g6 3. Bg2 Bg7 4. O-O O-O 5. c4 d5 6. cxd5 Nxd5 7. d4 Nb6 8.
Nc3 Nc6 9. d5 Na5 10. Qc2 c6 11. dxc6 Nxc6 12. Rd1 Bf5 13. e4 Bd7 14. Bf4 Rc8
15. Qe2 Qe8 16. Nd5 Na4 17. Rd2 Nc5 18. Rad1 e5 19. Bg5 f6 20. Qc4 Ne6 21. Be3
Rf7 22. Qd3 Nc7 23. Nxc7 Rxc7 24. a3 Be6 25. b4 Rfd7 26. Qb1 Rxd2 27. Rxd2 Qc8
28. Bf1 Bf8 29. h4 h5 30. Qb2 b6 31. Rc2 Nd8 32. Rxc7 1/2-1/2

[Event "Reykjavik Open 2010"]
[Site "Reykjavik City Hall"]
[Date "2010.03.02"]
[Round "8.14"]
[White "Kjartansson, Gudmundur"]
[Black "Cori, Jorge"]
[Result "0-1"]
[WhiteElo "2391"]
[BlackElo "2483"]
[PlyCount "118"]
[EventDate "2010.02.24"]

1. c4 Nf6 2. Nc3 c6 3. e4 e5 4. Nf3 d6 5. d4 Nbd7 6. Be2 g6 7. O-O Bg7 8. d5
Nc5 9. Qc2 a5 10. Be3 Qe7 11. Rad1 O-O 12. a3 Bg4 13. h3 Bxf3 14. Bxf3 cxd5 15.
Nxd5 Nxd5 16. Rxd5 Ne6 17. Qd2 Qc7 18. Rc1 Rfd8 19. a4 b6 20. b3 Nd4 21. Bxd4
exd4 22. g3 Qe7 23. Qd3 Rac8 24. Rc2 Rc5 25. Re2 Re8 26. Kg2 Be5 27. Kg1 h5 28.
h4 Bf6 29. Kf1 Qf8 30. Qd2 Kh7 31. Kg1 Re6 32. Bg2 Qe8 33. Qd3 Bg7 34. Kf1 Qd8
35. f4 Rxd5 36. cxd5 Re7 37. Rc2 f5 38. exf5 Re3 39. fxg6+ Kh6 40. Qf5 Rxg3 41.
Be4 Qxh4 42. Rg2 Qh1+ 43. Kf2 Rxg2+ 44. Bxg2 Qh4+ 45. Kf3 Qe7 46. Qe6 Qxe6 47.
dxe6 Kxg6 48. f5+ Kf6 49. Ke4 Ke7 50. Bf3 h4 51. Bg4 Bf6 52. Bh3 d5+ 53. Kd3
Kd6 54. Bg4 Ke5 55. Bh3 Kf4 56. Bg2 Kxf5 57. Bxd5 Ke5 58. Kc4 d3 59. Bf3 Kf4
0-1

[Event "Reykjavik Open 2010"]
[Site "Reykjavik City Hall"]
[Date "2010.03.02"]
[Round "8.15"]
[White "Grover, Sahaj"]
[Black "Westerinen, Heikki M J"]
[Result "0-1"]
[WhiteElo "2448"]
[BlackElo "2333"]
[PlyCount "74"]
[EventDate "2010.02.24"]

1. e4 e6 2. d4 d5 3. Nc3 Bb4 4. e5 c5 5. a3 Bxc3+ 6. bxc3 Nc6 7. Qg4 g6 8. a4
Qa5 9. Bd2 Bd7 10. Nf3 c4 11. Be2 h6 12. O-O O-O-O 13. Rfb1 Nge7 14. Rb5 Qa6
15. Bc1 Nf5 16. Ba3 Qxa4 17. Rb2 Qa5 18. Rba2 Qxc3 19. Kf1 Nfxd4 20. Nxd4 Qxd4
21. Qxd4 Nxd4 22. Be7 Rde8 23. Bf6 Rhg8 24. Rxa7 Nxc2 25. Rb1 Bc6 26. Bd1 Nd4
27. Be7 Kd7 28. Ba4 Kxe7 29. Bxc6 Rb8 30. Rbxb7+ Rxb7 31. Rxb7+ Kf8 32. Be8 Nf5
33. g4 Ne7 34. Bb5 g5 35. Rb8+ Kg7 36. Rb7 Ng6 37. Bd7 Nf4 0-1

[Event "Reykjavik Open 2010"]
[Site "Reykjavik City Hall"]
[Date "2010.03.02"]
[Round "8.16"]
[White "Bromann, Thorbjorn"]
[Black "Carstensen, Jacob"]
[Result "1-0"]
[WhiteElo "2434"]
[BlackElo "2317"]
[PlyCount "87"]
[EventDate "2010.02.24"]

1. c4 e5 2. g3 Nf6 3. Bg2 Nc6 4. a3 a5 5. Nc3 Bc5 6. e3 O-O 7. Nge2 d6 8. O-O
Ne7 9. Rb1 c6 10. b4 axb4 11. axb4 Bb6 12. Na4 Bf5 13. Nxb6 Qxb6 14. Rb3 Ra1
15. d3 d5 16. c5 Qa6 17. Qd2 Ra2 18. Qd1 e4 19. Bb2 Bg4 20. f3 exf3 21. Bxf3
Bxf3 22. Rxf3 Ng6 23. Nc1 Ra4 24. Bxf6 gxf6 25. Rxf6 Ra1 26. Rf1 Qa4 27. Qc2
Re8 28. Kf2 Ne5 29. h3 Ra3 30. Ke2 Ra1 31. g4 Re6 32. g5 Qb5 33. Qb2 Ra8 34.
Rf6 Re7 35. Ra3 Rae8 36. Qd4 b6 37. cxb6 Nd7 38. Ra5 Rxe3+ 39. Kf2 Qxb6 40.
Qxb6 Nxb6 41. Rxc6 Nd7 42. Rxd5 Ne5 43. Rcc5 Ng6 44. Rd8 1-0

[Event "Reykjavik Open 2010"]
[Site "Reykjavik City Hall"]
[Date "2010.03.02"]
[Round "8.17"]
[White "Gunnarsson, Jon Viktor"]
[Black "Bjornsson, Sigurbjorn"]
[Result "1-0"]
[WhiteElo "2429"]
[BlackElo "2317"]
[PlyCount "63"]
[EventDate "2010.02.24"]

1. c4 Nf6 2. Nf3 c6 3. d4 d5 4. Nc3 e6 5. Bg5 dxc4 6. e4 b5 7. e5 h6 8. Bh4 g5
9. Nxg5 hxg5 10. Bxg5 Nbd7 11. g3 Bb7 12. Bg2 Qb6 13. exf6 c5 14. d5 O-O-O 15.
O-O b4 16. Na4 Qa6 17. a3 Bxd5 18. Bxd5 Ne5 19. axb4 Rxd5 20. Qe2 cxb4 21. Nc3
Ra5 22. Rxa5 Qxa5 23. Ne4 Nd3 24. Be3 Qh5 25. f3 Kb7 26. b3 cxb3 27. Rd1 Qxh2+
28. Qxh2 Rxh2 29. Kxh2 b2 30. Bd4 a5 31. Bxb2 Nxb2 32. Rd7+ 1-0

[Event "Reykjavik Open 2010"]
[Site "Reykjavik City Hall"]
[Date "2010.03.02"]
[Round "8.18"]
[White "Thorsteinsson, Thorsteinn"]
[Black "Cori T, Deysi"]
[Result "0-1"]
[WhiteElo "2278"]
[BlackElo "2412"]
[PlyCount "90"]
[EventDate "2010.02.24"]

1. d4 Nf6 2. c4 e6 3. Nc3 Bb4 4. Qc2 O-O 5. a3 Bxc3+ 6. Qxc3 b6 7. Bg5 Ba6 8.
Nf3 d6 9. e3 Nbd7 10. b4 Rc8 11. Bd3 c5 12. dxc5 bxc5 13. b5 Bb7 14. O-O Bxf3
15. Bxf6 Nxf6 16. gxf3 d5 17. Qe5 Nd7 18. Qg3 Nb6 19. Rfc1 Qf6 20. Ra2 Rfd8 21.
a4 dxc4 22. Bxc4 Nd5 23. Bxd5 Rxd5 24. Rc4 h5 25. h4 Qd8 26. Kg2 Kf8 27. Rac2
g5 28. Kh3 Qf6 29. f4 g4+ 30. Kh2 Qd8 31. R2c3 f5 32. e4 Rd2 33. exf5 exf5 34.
Rxc5 Rxc5 35. Rxc5 Qd4 36. Rxf5+ Kg7 37. Rg5+ Kh6 38. Kg1 Qe4 39. Qg2 Rd1+ 40.
Kh2 Qxf4+ 41. Qg3 Qe4 42. Qg2 Qf4+ 43. Qg3 Qc1 44. Qg2 Rf1 45. Rf5 g3+ 0-1

[Event "Reykjavik Open 2010"]
[Site "Reykjavik City Hall"]
[Date "2010.03.02"]
[Round "8.19"]
[White "Ptacnikova, Lenka"]
[Black "Tania, Sachdev"]
[Result "1/2-1/2"]
[WhiteElo "2315"]
[BlackElo "2398"]
[PlyCount "86"]
[EventDate "2010.02.24"]

1. e4 e5 2. Nf3 Nc6 3. Bb5 a6 4. Ba4 Nf6 5. O-O b5 6. Bb3 Be7 7. Re1 d6 8. c3
O-O 9. h3 Nd7 10. d4 Bf6 11. a4 Bb7 12. axb5 axb5 13. Rxa8 Qxa8 14. d5 Ne7 15.
Nh2 g6 16. Ng4 Bg7 17. Ne3 Nf6 18. Qd3 Bc8 19. Nc2 Nd7 20. Be3 f5 21. f3 Nf6
22. Nd2 Bd7 23. Ra1 Qc8 24. Kh2 f4 25. Bf2 g5 26. Nb4 Kh8 27. c4 h5 28. Nc6
bxc4 29. Qxc4 Ng6 30. Qa6 Qe8 31. Qb7 g4 32. Be1 Rg8 33. Qxc7 Bf8 34. Nc4 gxh3
35. Nxd6 Bxd6 36. Qxd6 Qf7 37. Nxe5 Nxe5 38. Qxe5 Rxg2+ 39. Kh1 Qg7 40. Qxf6
Rg1+ 41. Kh2 Rg2+ 42. Kh1 Rg1+ 43. Kh2 Rg2+ 1/2-1/2

[Event "Reykjavik Open 2010"]
[Site "Reykjavik City Hall"]
[Date "2010.03.02"]
[Round "8.20"]
[White "Thorgeirsson, Sverrir"]
[Black "Arngrimsson, Dagur"]
[Result "1/2-1/2"]
[WhiteElo "2176"]
[BlackElo "2383"]
[PlyCount "74"]
[EventDate "2010.02.24"]

1. e4 e5 2. Nf3 Nc6 3. Bb5 a6 4. Bxc6 dxc6 5. O-O Qd6 6. Na3 b5 7. c3 c5 8. d4
cxd4 9. cxd4 exd4 10. e5 Qd5 11. Nxd4 Bb7 12. Nf3 O-O-O 13. Qc2 Qd3 14. Qxd3
Rxd3 15. Be3 Bxa3 16. bxa3 Bxf3 17. gxf3 Ne7 18. a4 b4 19. Rac1 Nd5 20. Rc4 Re8
21. f4 Re6 22. Re1 f6 23. Bc1 Kd7 24. Bb2 Rd2 25. f5 Re8 26. e6+ Kc8 27. Bc1
Rxa2 28. Rd1 Rd8 29. Rcd4 c6 30. Rc4 Kb7 31. Rxb4+ Kc7 32. Rc4 Re2 33. Bd2 Rc8
34. Kf1 Re5 35. Bf4 Nxf4 36. Rd7+ Kb6 37. Rxf4 c5 1/2-1/2